The Living Tombstone songs by it's text. - Statistics

General Stats
  • This quiz has been taken 54 times
  • The average score is 9 of 12
Answer Stats
Hint Answer % Correct
"Touch me, MidasMake me part of your design" My Ordinary Life
96%
"I can't sit idly, no, I can't move at allI curse the name, the one behind it all" Discord
94%
"We're waiting every nightTo finally roam and invite Newcomers to play with us For many years we've been all alone" Five Nights at Freddy's
88%
"I wish I lived in the presentWith the gift of my past mistakes" It's Been So Long
85%
"We ended up losing, and it's all your faultYou should learn how this game works" No Mercy
83%
"That's something I know all aboutShocking, ain't it? Is it because I can't be her? Made your mistakes and make me hurt" I Can't Fix You
81%
"Hope you'll be stabbed in the heartHope you'll get shot and expire Hope you'll be taken apart Hope this is what you desire" Die In a Fire
79%
"I have this urgeI have this urge to kill I have this urge to kill and show that I'm alive I'm getting sick from these apologies From people with priorities That their life matters so much more than mine" I Got No Time
77%
"Stuck in my own trapBones are cracked As my lungs collapse Remember that I always come back" Stuck Inside
56%
"Count'Til I don't know what counts" Basics in Behavior
50%
"Long time ago, it was all for a showFill our wounds with a pound of salt And your reason to justify scars You can't quantify, lock us inside a vault" This Comes From Inside
50%
"I shoulda guessed that this would happenI shoulda known it when I looked in your red-hot eyes Spewin' all your red-hot lies" Poison
27%
No matching quizzes found
Score Distribution
Percent of People with Each Score
Percentile by Number Answered
Your Score History
You have not taken this quiz